Shedding the light on Big Data and the Data Analytics world /

Enregistré dans:
Détails bibliographiques
Auteur principal: Davis, Ronald (Auteur)
Format: Livre
Langue:anglais
Publié: Ronald Davis 2016
Tags: Ajouter un tag
Pas de tags, Soyez le premier à ajouter un tag!

MARC

LEADER 00000nam a22000003a 4500
001 0091004
003 SK-STU
005 20211020100011.3
007 ta
008 211020s ----xo-----e------000-0-----d
020 |a 9781544145921 
040 |a STU  |b slo 
041 0 |a eng 
100 1 |a Davis, Ronald  |4 aut 
245 1 0 |a Shedding the light on Big Data and the Data Analytics world /  |c aut. Ronald Davis 
260 |b Ronald Davis   |c 2016 
300 |a 78 s. 
996 |b 284M088857  |c M* 14510-1  |l MMKN  |s A  |a 24  |w 0091004_0001